00549 2200193 4500001002100000005001500021035002000036001002100056005001500077035002000092245008500112100002000197250001700217300003400234260004200268082001000310084001600320650001900336INLIS00000000000096120250320072130 a0010-0325000057INLIS00000000000054320240820085857 a0010-08240000611 aPelajaran Qur'an Hadits :bUntuk Madrasah Ibtidaiyah Kelas VI /cIbrahim Syu'aib0 aIbrahim Syu'aib acetakan ke-2 aviii, 86 hlm :bilus ;c21 cm aJakarta :bDepartemen Agama RI,c2002 a2X1.1 a2X1.1 IBR p 4aBuku Pelajaran